LDR 01088nam a2200277 i 4500 001 000000168813 003 CaOOAMICUS 005 20260407092024.0 008 080129s1984 it u000 u ita u 013 $a146215 020 $a88-215-0778-5 040 $aSeMil$bita 100 1 $aBalducci, Ernesto,$c
.$0(OLS)http://semarc/name/2370 245 10$aHa ancora senso il vangelo della pace? /$cErnesto Balducci. 260 $aRoma :$bPaoline,$c1984. 300 $a175 p. + 1 piegh. ;$c22 cm. 490 0 $aHanno detto ;$v3 650 4$aPace - Concezione cristiana.$0(OLS)http://semarc/subject/1623 830 0$aHanno detto ;$v3.$0(OLS)http://semarc/title/25115 850 $aSeMil 852 $aSeMil$W1$xVenegono$y1$m2D VII 122$j269698$B119820$CSeMilBibl$Z2$F130987 $81 961 $aRecupero: Seminario di Seveso 996 $6020$a88-215-0778-5$9(OLS)http://semarc/number/155643 996 $6245$aHa ancora senso il vangelo della pace?$9(OLS)http://semarc/title/241482 996 $6260$aRoma :$bPaoline$9(OLS)http://semarc/publisher/29686